| 000 | 00750nam a22002057a 4500 | ||
|---|---|---|---|
| 999 |
_c63257 _d63257 |
||
| 005 | 20250708165426.0 | ||
| 008 | 250708s2015 en ||||| |||| 00| 0 eng d | ||
| 020 | _a9789865663650 X | ||
| 041 | _aeng | ||
| 080 | _a577.2 L-47 | ||
| 100 |
_aLee, Chao-Hung _925630 |
||
| 245 |
_aApplied Molecular Biology / _c Chao-Hung, Lee |
||
| 250 | _a2nd edition | ||
| 264 |
_aTaiwan : _bAiriti press, _c2015. |
||
| 300 |
_a543 pages :. _b23 cm. |
||
| 653 | _aApplied Molecular Biology | ||
| 653 | _aEven though molecular biology has long been a basic tool in biomedical research, scientists still face the question of why certain | ||
| 653 | _aგამოყენებითი მოლეკულური ბიოლოგია | ||
| 942 |
_2udc _cBK |
||